000 00657nam a22002177a 4500
999 _c15211
_d15211
003 AR-CdUCM
008 190426b ||||| |||| 00| 0 spa d
020 _a978-84-96947-95-5
040 _aMUNICIPALIDAD PROVINCIAL DEL CUSCO
_cBIBLIOTECA MUNICIPAL DEL CUSCO
082 _aPI / 803 /
_bG45
100 _aGil, Carmen
_934155
245 _aEl libro de los monstruos /
260 _aEspaña :
_bEdicionesToromítico,
_c2012.
300 _bilustraciones,
_c23.5 cm.
650 _aLiteratura
_983
650 _aCuento
_94671
650 _aSiglo XXI
_92856
700 _aSanz, Sonia (ilustración)
_934244
942 _2ddc
_cLIBROS
945 _aachl
_d2019-04-26